000 00729nam a2200157Ia 4500
008 160316s2009 xxu||||| |||| 00| 0 eng d
082 _a341.481000
_bGUC
100 _aGucheteneire Paul De
245 _aMigration and human rights : The United Nations Convention on Migrant Workers' Rights
250 _a
260 _aCambridge
_bCambridge University Press
_c2009
300 _a452p
_b
_cxvi
365 _b Rs. 2,391
650 _a1. International Law - Protection - Human Rights - Migrant - Workers 2. International Migration - Employment 3. Protection - Migrant Workers - Their Families - Universal Standards 4. Protection - Migrant Workers - Their Families - Europe - A Study
700 _aPecoud Antoine
_aCholewinski Ryszard
999 _c31207
_d31207